|
|
|
|
| LEADER |
00636nab a2200193 i 4500 |
| 001 |
acta51368 |
| 005 |
20250414093905.0 |
| 008 |
180423s1937 hu o 000 hun d |
| 040 |
|
|
|a SZTE Egyetemi Kiadványok Repozitórium
|b hun
|
| 041 |
|
|
|a hun
|
| 100 |
2 |
|
|a Vályi Nagy Géza
|
| 245 |
1 |
0 |
|a Jézus
|h [elektronikus dokumentum] :
|b [vers] /
|c Vályi Nagy Géza
|
| 260 |
|
|
|c 1937
|
| 300 |
|
|
|a 293
|
| 490 |
0 |
|
|a Gyakorlati pedagógia
|v 3 No. 5
|
| 650 |
|
4 |
|a Bölcsészettudományok
|
| 650 |
|
4 |
|a Nyelvek és irodalom
|
| 695 |
|
|
|a Magyar irodalom - vers
|
| 856 |
4 |
0 |
|u http://acta.bibl.u-szeged.hu/51368/1/gyakorlati_1937_005_293b.pdf
|z Dokumentum-elérés
|